|
|
|
|
| LEADER |
01689nam a2200361 a 4500 |
| 001 |
GR-Patra12607 |
| 003 |
GR-PaULI |
| 008 |
000517s1999 gr e 000 0 gre d |
| 040 |
|
|
|a GrPaTEI
|b gre
|c GR-PaULI
|
| 040 |
|
|
|a GrPaTEI
|b gre
|c GR-PaULI
|
| 245 |
0 |
2 |
|a Η οικογένεια του Έλληνα ναυτικού από την πλευρά των παιδιών :
|b Μια πιλοτική έρευνα /
|c Η σπουδάστρια: Σπυριδούλα Κυριακοπούλου ; Υπεύθυνη Εκπαιδευτικός: Αμαλία Johnson-Τουρνά.
|
| 260 |
|
|
|a Πάτρα :
|b ΤΕΙ Πάτρας,
|c 1999
|
| 300 |
|
|
|a 98σ.
|
| 504 |
|
|
|a Βιβλιογραφία: σ.96-98
|
| 650 |
|
4 |
|a ΜΕΛΕΤΗ
|
| 650 |
|
4 |
|a Οικογένεια
|
| 650 |
|
4 |
|a Παιδιά
|
| 650 |
|
4 |
|a ΠΑΤΕΡΑΣ
|
| 650 |
|
4 |
|a Πτυχιακή εργασία
|
| 650 |
|
4 |
|a ΣΥΜΠΕΡΙΦΟΡΑ
|
| 650 |
|
4 |
|a ΣΥΝΕΝΤΕΥΞΕΙΣ
|
| 650 |
|
4 |
|a ΨΥΧΟΠΑΘΟΛΟΓΙΑ
|
| 700 |
1 |
|
|a ΚΥΡΙΑΚΟΠΟΥΛΟΥ, ΣΠΥΡΙΔΟΥΛΑ
|
| 700 |
1 |
|
|a Τζόνσον-Τουρνά, Αμαλία,
|c Εισηγήτρια
|
| 710 |
0 |
|
|a Σ.Ε.Υ.Π..
|b Τμήμα Κοινωνικής Εργασίας
|
| 710 |
0 |
|
|a Τ.Ε.Ι. Πάτρας
|
| 856 |
4 |
0 |
|u https://nereus.library.upatras.gr/formerpat/ptyxiakes/seyp/seyp_ke/1996-2000/2552pe.pdf
|
| 907 |
|
|
|a .b26601229
|b 16-04-20
|c 23-09-16
|
| 942 |
|
|
|2 ddc
|b LISK
|c ERST
|x GrPaTEI
|
| 952 |
|
|
|0 0
|1 0
|4 0
|7 0
|9 342641
|a LISK
|b LISK
|d 2021-11-12
|l 0
|r 2021-11-12 00:00:00
|w 2021-11-12
|y ERST
|x Μεταφορά από πΤΕΙ Δυτικής Ελλάδος
|
| 981 |
|
|
|p atra12607
|
| 998 |
|
|
|a 24
|b 15-01-16
|c m
|d u
|e -
|f gre
|g gr
|h 2
|
| 999 |
|
|
|c 197075
|d 197075
|